Central Library OPAC University of Rajshahi

Harris's criminal law / (Record no. 46196)

MARC details
000 -LEADER
fixed length control field 00815nam a2200265 a 4500
001 - CONTROL NUMBER
control field 46196
003 - CONTROL NUMBER IDENTIFIER
rucl marc code BD-RjUL
005 - DATE AND TIME OF LATEST TRANSACTION
control field 20211209054124.0
008 - FIXED-LENGTH DATA ELEMENTS--GENERAL INFORMATION
fixed length control field 160801s1960 enk 001 0 eng d
035 ## - SYSTEM CONTROL NUMBER
System control number (BD-RjUL)46314
040 ## - CATALOGING SOURCE
Original cataloging agency OKD
Transcribing agency OKD
Modifying agency BD-RjUL
Language of cataloging eng
041 ## - LANGUAGE CODE
Language code of text/sound track or separate title eng
082 ## - DEWEY DECIMAL CLASSIFICATION NUMBER
Classification number 345.0942
Author mark and year HAH 1960
100 1# - MAIN ENTRY--PERSONAL NAME
Personal name Harris, Seymour F.
Fuller form of name (Seymour Frederick),
Dates associated with a name 1851-1920.
9 (RLIN) 141138
245 10 - TITLE STATEMENT
Title Harris's criminal law /
Statement of responsibility, etc. by H.A. Palmer and Henry Palmer.
250 ## - EDITION STATEMENT
Edition statement 20th ed.
260 ## - PUBLICATION, DISTRIBUTION, ETC. (IMPRINT)
Place of publication, distribution, etc. London :
Name of publisher, distributor, etc. Sweet and Maxwell,
Date of publication, distribution, etc. 1960.
300 ## - PHYSICAL DESCRIPTION
Pagination 706 p. ;
Size 20 cm.
500 ## - GENERAL NOTE
General note Includes index
650 #0 - SUBJECT ADDED ENTRY--TOPICAL TERM
Topical term or geographic name as entry element Criminal law
Geographic subdivision Great Britain.
9 (RLIN) 141116
Topical term or geographic name as entry element Criminal procedure
Geographic subdivision Great Britain.
9 (RLIN) 141117
700 ## - ADDED ENTRY--PERSONAL NAME
Personal name Palmer, Henry
942 ## - ADDED ENTRY ELEMENTS (KOHA)
Source of classification or shelving scheme Dewey Decimal Classification
Koha item type Books
Holdings
Lost status Source of classification or shelving scheme Damaged status Not for loan Collection code Permanent Location Current Location Shelving location Date acquired Source of acquisition Cost, normal purchase price Total Checkouts Full call number Date last seen Copy number Koha item type
  Dewey Decimal Classification     Non-fiction Central Library, University of Rajshahi Central Library, University of Rajshahi   16/07/1968 Zeitlinger 50.00   345.0942 HAH 1960 01/08/2016 C-2 Books